00652nam a2200241 a 4500001001300000003000900013005001700022008004100039020001000080082001500090100002100105245001900126260003000145300000900175500003500184505001400219650002700233700002100260902000800281942000700289952009700296999001700393nice12345678IN_TiNIC20260116015138.0050524s1923 newa grp 000 0 eng  ac10000a232.9bPAP aPapini, Giovanni aLife of Christ aNew YorkbDell Bookc1923 a511p aincludes index and biblioraphy2 aAppendice aJesus Christ-Biography1 aPapini, Giovanni bSRS cBK 00104070aHMIbHMId2007-06-19g100.00l0o232.9 PAPp11-813r2007-06-19w2026-01-16yARB c18489d18489